Biggest cities in Cundinamarca - Statistics

General Stats
  • This quiz has been taken 6 times
  • The average score is 8 of 10
Answers on the Map
Answers color-coded by a green-red scale on the quiz's map according to % correct below.
 
Answer Stats
Answer % Correct
Chia
100%
Facatativa
100%
Girardot
100%
Soacha
100%
Funza
83%
Fusagasuga
83%
La Calera
83%
Madrid
83%
Zipaquira
83%
Pacho
17%
No matching quizzes found
Score Distribution
Percent of People with Each Score
Percentile by Number Answered
Your Score History
You have not taken this quiz